Countries Dr Who's have visited - Statistics

General Stats
  • This quiz has been taken 526 times
    463 since last reset
  • The average score is 41 of 60
Answer Stats
Continent Country % Correct
Europe United Kingdom
98%
North America United States of America
98%
Asia China
96%
Oceania Australia
95%
North America Canada
95%
Europe France
95%
Europe Germany
95%
Asia/ Europe Russia
94%
South America Brazil
92%
Europe Italy
92%
Asia Japan
92%
North America Mexico
91%
Europe Spain
90%
Asia India
87%
Africa Egypt
85%
Europe Ireland
85%
Europe Norway
85%
Europe Sweden
84%
Europe Belgium
83%
Oceania New Zealand
82%
Europe Austria
81%
Asia/ Europe Turkey
81%
Europe Denmark
80%
Europe Greece
80%
Africa South Africa
79%
Europe Poland
78%
Europe the Netherlands
78%
Europe Iceland
74%
Asia Indonesia
71%
Europe Switzerland
71%
North America Cuba
70%
Asia Vietnam
69%
Europe Hungary
68%
Asia Iraq
67%
Asia Israel
67%
Asia Pakistan
67%
South America Peru
65%
Asia Thailand
65%
Asia Afghanistan
64%
Europe Ukraine
64%
Africa Kenya
61%
Europe Romania
59%
Africa Nigeria
58%
Asia Cambodia
53%
Asia Saudi Arabia
53%
North America Haiti
52%
Asia Mongolia
51%
Europe Bosnia and Herzegovina
50%
Asia Kazakhstan
49%
Africa Ghana
48%
Africa Sudan
45%
Africa Tanzania
43%
Asia Uzbekistan
41%
Asia Lebanon
38%
Asia Brunei
33%
Asia Turkmenistan
32%
Africa Guinea Bissau
23%
Africa Malawi
17%
Africa Sierra Leone
15%
Africa Seychelles
13%
No matching quizzes found
Score Distribution
Percent of People with Each Score
Percentile by Number Answered
Your Score History
You have not taken this quiz since the last reset